[Event "EYTCC U18 Open 2019"]
[Site "Pardubice"]
[Date "2019.07.17"]
[Round "7.28"]
[White "Krastev, Alexander"]
[Black "Omorjan, Dejan"]
[Result "1-0"]
[WhiteElo "2325"]
[BlackElo "2317"]
[Annotator "TA"]
[PlyCount "75"]
[EventDate "2019.07.11"]
[EventType "swiss"]
[EventCountry "CZE"]
[SourceTitle "playchess.com"]
[Source "ChessBase"]
[SourceQuality "1"]
[WhiteTeam "Germany"]
[BlackTeam "Serbia"]
[WhiteTeamCountry "GER"]
[BlackTeamCountry "SRB"]

{[%evp 9,75,16,28,27,18,13,22,14,14,14,22,20,27,24,18,-11,-7,0,0,0,0,0,0,-17,0,-12,20,12,19,0,87,84,69,81,80,74,81,85,189,229,200,12,13,0,0,0,70,87,77,57,95,90,283,283,283,266,308,22,383,220,365,372,1417,1447,1597,1536,1266,257]} 1. e4 c5 2. Nf3 d6 3. Bb5+ Nd7 4. O-O a6 5. Bd3 Ngf6 6. Re1 {B51: Sicilian: Moscow Variation (3 Bb5+) without 3...Bd7} e6 7. c3 b5 8. Bc2 {The position is equal.} c4 9. a4 Bb7 10. axb5 axb5 11. Rxa8 Qxa8 12. Na3 Bxe4 13. Bxe4 Nxe4 {[#]} 14. d3 $146 cxd3 15. Qxd3 d5 16. Qxb5 (16. Nxb5 $5 {[%cal Rb5c7]} Qb8 17. Be3 $11) 16... Qa7 17. Be3 Qc7 18. Qa4 Bc5 19. Bxc5 Nexc5 (19... Qxc5 $11 {keeps the balance.} 20. Nd4 Ke7) 20. Qa8+ $16 Qb8 21. Qxd5 $1 {aiming for b4.} Qxb2 22. Nc4 $1 {[%cal Rc4b2]} Qb8 23. Nd6+ Ke7 {[#]} (23... Kf8 $16 24. Qd4 f6) 24. Nd4 $1 $18 {[%cal Rd4c6] Nc6+ is the strong threat.} Kf8 25. Qc6 $2 $40 {[%mdl 128] Black needs to defend precisely.} ({White has to play} 25. Qg5 $18 h6 26. Qf4) 25... g6 $1 $11 26. h4 {Hoping for Re3.} Kg7 27. h5 Qa8 (27... Rf8 $11) 28. h6+ $1 $14 Kf6 {[#]} 29. Re3 $1 {[%cal Re3f3] Threatening mate with Rf3+.} Qxc6 30. Nxc6 {And now Rf3+ would win.} g5 $2 (30... e5 $16) 31. Rf3+ $18 Kg6 32. Ne7+ (32. Rxf7 Ra8 $11) ({Weaker is} 32. Nxf7 Re8 $16) 32... Kh5 33. Nxf7 $2 (33. Rh3+ $18 Kg4 34. Nxf7) 33... Re8 $2 {[%mdl 8192]} (33... g4 $1 $11 {and Black has nothing to worry.} 34. Rf4 (34. Nxh8 gxf3 35. gxf3 Kxh6 $11) 34... Rf8) 34. Rh3+ Kg4 35. Nc6 Rc8 $2 (35... e5 36. Rg3+ Kf4 37. Rxg5 Ne6 38. g3+ Ke4) 36. Rg3+ {White is clearly winning.} Kf4 37. Rf3+ Ke4 38. Nd6+ $2 {Accuracy: White = 56%, Black = 29%.} (38. Nxg5+ Kd5 39. Ne7+ {[%mdl 64] Double Attack} Kc4 40. Nxc8) 1-0

[Event "EYTCC U18 Open 2019"]
[Site "Pardubice"]
[Date "2019.07.17"]
[Round "7.29"]
[White "Gumularz, Szymon"]
[Black "Van Foreest, Lucas"]
[Result "1-0"]
[WhiteElo "2502"]
[BlackElo "2521"]
[Annotator "TA"]
[PlyCount "49"]
[EventDate "2019.07.11"]
[EventType "swiss"]
[EventCountry "CZE"]
[SourceTitle "playchess.com"]
[Source "ChessBase"]
[SourceQuality "1"]
[WhiteTeam "Poland"]
[BlackTeam "Netherlands"]
[WhiteTeamCountry "POL"]
[BlackTeamCountry "NED"]

{[%evp 16,49,0,18,28,21,8,25,156,108,92,95,89,93,91,63,93,93,94,95,70,87,134,112,216,221,249,256,296,263,377,369,358,351,432,430]} 1. Nf3 e6 2. c4 d5 3. d4 Nf6 4. Nc3 c6 5. e3 Nbd7 6. Bd3 dxc4 7. Bxc4 b5 8. Bd3 Bb7 9. O-O Bd6 {D47: Semi-Slav: Meran System} (9... a6 10. e4 c5 11. d5 c4 12. Bc2 Qc7 13. dxe6 fxe6 14. Ne2 Nc5 15. Bf4 Qd7 16. Qxd7+ Nfxd7 17. Ned4 Be7 18. b4 cxb3 19. axb3 b4 20. Rfe1 O-O 21. Bc7 g6 {½-½ (40) Radjabov,T (2748)-Karjakin,S (2778) Shamkir 2018}) 10. e4 {[#] Black must now prevent e5.} e5 11. Bg5 Qb6 (11... O-O $11) 12. dxe5 $146 ({Predecessor:} 12. Bxf6 gxf6 13. d5 cxd5 14. Nxd5 Bxd5 15. exd5 Nc5 16. b4 Nxd3 17. Qxd3 {1-0 (48) Malaniuk,V (2522)-Klykow,L (2188) Kowalewo Pomorskie 2007}) 12... Nxe5 13. Nxe5 Bxe5 14. Be3 $36 {[%mdl 2048] Keeping Black busy.} Qd8 15. Kh1 h5 {next ...Ng4 is good for Black.} 16. f4 Ng4 17. Bg1 Bd4 {Hoping for ...Bxg1.} 18. Rf3 $1 Rh6 19. e5 c5 {[#]} (19... b4 $16) 20. Be4 $1 $18 {[%cal Re4b7]} ({Weaker is} 20. Bxb5+ Kf8 $14) ({And not} 20. Nxb5 Bxg1 21. Kxg1 Kf8 $11) 20... Bxe4 21. Nxe4 Qd5 22. Nd6+ Kf8 (22... Rxd6 $142 23. exd6 O-O-O) 23. b4 {bxc5 is the strong threat.} Rxd6 24. exd6 Nf6 25. Rd3 {Accuracy: White = 73%, Black = 12%.} 1-0

[Event "EYTCC U18 Open 2019"]
[Site "Pardubice"]
[Date "2019.07.17"]
[Round "7.31"]
[White "Kosakowski, Jakub"]
[Black "Kevlishvili, Robby"]
[Result "0-1"]
[WhiteElo "2394"]
[BlackElo "2480"]
[Annotator "TA"]
[PlyCount "58"]
[EventDate "2019.07.11"]
[EventType "swiss"]
[EventCountry "CZE"]
[SourceTitle "playchess.com"]
[Source "ChessBase"]
[SourceQuality "1"]
[WhiteTeam "Poland"]
[BlackTeam "Netherlands"]
[WhiteTeamCountry "POL"]
[BlackTeamCountry "NED"]

{[%evp 9,58,10,15,10,15,15,14,12,16,29,16,22,23,26,39,41,45,47,41,25,28,0,0,-271,-10,0,0,-23,-18,-10,28,17,23,-46,-20,-152,-126,-106,-103,-137,-72,-89,-104,-232,-241,-232,-230,-427,-422,-1496,-299]} 1. e4 c5 2. Nf3 d6 3. Bb5+ Nd7 4. Ba4 (4. O-O a6 5. Bd3 Ngf6 6. c3 b5 7. a4 c4 8. Be2 Bb7 9. axb5 axb5 10. Rxa8 Bxa8 11. Na3 Bxe4 12. Nxb5 d5 {½-½ (65) Harikrishna,P (2723)-Giri,A (2797) Shenzhen 2019}) 4... Ngf6 5. O-O e6 6. Re1 {B51: Sicilian: Moscow Variation (3 Bb5+) without 3...Bd7} Be7 7. c3 a6 8. d4 {The position is equal.} b5 9. Bc2 Bb7 10. Nbd2 Rc8 11. e5 dxe5 12. dxe5 Nd5 $146 13. Ne4 h6 14. Ng3 c4 15. Nh5 g6 16. Ng7+ Kf8 {[#]} 17. Nxe6+ $1 {[%mdl 512]} fxe6 18. Nd4 Qe8 19. Qg4 g5 {Hoping for ...Nc5.} 20. Nxe6+ Kg8 21. Bf5 (21. a4 $1 $11) 21... Nc5 $15 22. b4 (22. a4 $11) 22... Nd3 $17 23. Bd2 Nxe1 24. Rxe1 Rc6 (24... Rb8 $142 25. f4 Bc8) 25. Nd4 {And now Bd7 would win.} Rb6 26. Be6+ {[#]} (26. f4 $17) 26... Rxe6 $1 $19 27. Qxe6+ {[#]} (27. Nxe6 Bc8) 27... Kh7 $1 ({Less strong is} 27... Qf7 28. Qd7 $15) 28. f4 $2 (28. Rf1) 28... gxf4 29. Nf5 {[#]} (29. Re2 $142) 29... Qg6 $2 {Accuracy: White = 27%, Black = 77%.} (29... Bc5+ $1 {[%mdl 512]} 30. bxc5 Qxe6) 0-1

[Event "EYTCC U18 Open 2019"]
[Site "Pardubice"]
[Date "2019.07.17"]
[Round "7.32"]
[White "Vrolijk, Liam"]
[Black "Chylewski, Patryk"]
[Result "1-0"]
[WhiteElo "2478"]
[BlackElo "2376"]
[Annotator "TA"]
[PlyCount "47"]
[EventDate "2019.07.11"]
[EventType "swiss"]
[EventCountry "CZE"]
[SourceTitle "playchess.com"]
[Source "ChessBase"]
[SourceQuality "1"]
[WhiteTeam "Netherlands"]
[BlackTeam "Poland"]
[WhiteTeamCountry "NED"]
[BlackTeamCountry "POL"]

{[%evp 9,47,27,32,34,45,42,133,129,134,148,137,147,147,149,148,139,179,175,172,175,168,175,240,233,427,432,415,435,421,421,430,411,474,472,511,521,516,510,502,481]} 1. d4 d5 2. c4 e6 3. Nc3 a6 4. cxd5 exd5 5. Qb3 (5. Nf3 h6 6. Bf4 Nf6 7. e3 Bd6 8. Bxd6 Qxd6 9. Qc2 O-O 10. Bd3 Re8 11. h3 Be6 12. O-O Nbd7 13. a4 {½-½ (40) Shankland,S (2725)-Carlsen,M (2835) Wijk aan Zee 2019}) 5... Nc6 6. Nf3 {D31: Queen's Gambit Declined: Semi-Slav without ...Nf6 (+ Marshall Gambit and Noteboom) and Exchange Variation lines without ...Nf6} Bf5 7. Bg5 $146 (7. Qxb7 Nb4 $17) ({Predecessor:} 7. Bf4 Bd6 8. Qxb7 Nge7 9. Bxd6 cxd6 10. e3 O-O 11. Rc1 a5 12. Qb3 Rb8 {1-0 (46) Grinev,V (2412)-Chylewski,P (2335) Suwalki 2018}) 7... Be7 ({Black should try} 7... f6 $14 8. Bd2 Bb4) 8. Qxb7 $16 {White is clearly better.} Bd7 {[#] ...Rb8 is the strong threat.} 9. Bxe7 $1 (9. Nxd5 Rb8 $15) 9... Ngxe7 10. Qb3 Rb8 11. Qc2 Bf5 {[#]} 12. Qd2 $1 Qd6 13. e3 Qb4 14. b3 ({Don't take} 14. Bxa6 $6 Qxb2 15. Qxb2 Rxb2 $16) 14... Qa3 {...Rxb3 would now be nice for Black.} 15. Rc1 Na5 (15... Nb4 {was called for.} 16. h3 O-O) 16. Nh4 $18 c6 $2 (16... Bd7 {was worth a try.} 17. Nb1 {[%mdl 64] Discovered Attack} Qb4 18. Qxb4 (18. Rxc7 Nac6 $16) (18. Bxa6 Nac6 $18) 18... Rxb4 19. Bxa6 (19. Rxc7 Nac6 $16) 19... c6) 17. Nxf5 Nxf5 18. Nb1 Qb4 19. Qxb4 Rxb4 20. Rc5 Nb7 21. Rxc6 {White is clearly winning.} a5 22. Rc8+ Nd8 23. Nc3 Ne7 24. Ra8 {Accuracy: White = 98%, Black = 30%.} 1-0

[Event "EYTCC U18 Open 2019"]
[Site "Pardubice"]
[Date "2019.07.17"]
[Round "7.33"]
[White "Willow, Jonah B"]
[Black "Blohberger, Felix"]
[Result "1/2-1/2"]
[WhiteElo "2343"]
[BlackElo "2476"]
[Annotator "TA"]
[PlyCount "88"]
[EventDate "2019.07.11"]
[EventType "swiss"]
[EventCountry "CZE"]
[SourceTitle "playchess.com"]
[Source "ChessBase"]
[SourceQuality "1"]
[WhiteTeam "England"]
[BlackTeam "Austria"]
[WhiteTeamCountry "ENG"]
[BlackTeamCountry "AUT"]

{[%evp 14,88,21,15,16,18,7,4,10,8,16,0,0,0,0,0,0,0,0,0,0,0,0,0,2,2,18,0,0,0,23,-45,-45,-93,-91,-91,-94,-100,-93,-92,-81,-105,-79,-87,-87,-107,-70,-75,-66,-68,-70,-86,-20,-41,-37,-94,-90,-95,-95,-110,-107,-94,-14,-121,35,28,34,0,7,9,11,9,25,27,33,25,31]} 1. e4 e5 2. Nf3 Nc6 3. Nc3 Nf6 4. Bb5 Bb4 5. O-O O-O 6. d3 Bxc3 7. bxc3 d6 8. Bg5 a6 {C49: Four Knights: 4 Bb5 Bb4} (8... Qe7 9. Re1 a6 10. Ba4 Nd8 11. Bb3 Ne6 12. Bh4 Nf4 13. Nd2 b5 14. Nf1 Ng6 15. Bg3 c5 16. Ne3 Qc7 17. h4 Be6 18. h5 {0-1 (37) Artemiev,V (2709)-Andreikin,D (2719) St Petersburg 2018}) 9. Ba4 h6 10. Bh4 Bd7 {The position is equal.} 11. Rb1 b6 12. Re1 Ne7 13. Bxd7 $146 ({Predecessor:} 13. Bb3 Ng6 14. Bg3 Bc6 15. Nh4 Nxh4 16. Bxh4 g5 17. Bg3 Kg7 18. Qf3 {½-½ (34) Krapivin,V (2396)-Gusjkov,Y (2292) Pardubice 2006}) 13... Nxd7 14. d4 Qe8 15. Qd3 Ng6 16. Qc4 Qc8 17. a4 Qb7 18. Bg3 Rfe8 19. Nd2 Ne7 20. Nf1 Qc6 21. Qb3 Reb8 22. Ne3 (22. f3 $11) 22... Qxe4 $15 23. Nc4 Qc6 $1 $36 {[%mdl 2048] Black is in control.} 24. dxe5 Nc5 25. Qa3 {[%cal Re5d6]} d5 26. Nb2 Nf5 27. Rbd1 a5 28. f3 Nxg3 29. hxg3 Qg6 30. Nd3 Nxd3 ({Reject} 30... Qxg3 $6 31. Nxc5 bxc5 32. Qxc5 $11) 31. cxd3 Qxg3 32. Qe7 Rc8 (32... b5 $17 33. e6 fxe6 34. Qxe6+ Kh8) 33. e6 Rf8 34. Qd7 (34. d4 $15) 34... fxe6 $17 35. Qxe6+ Kh8 36. Qxd5 Rad8 37. Qe4 Rf4 ({Better is} 37... Rd6 $1 $17 {White must now prevent ...Rg6.} 38. Kf1 Qh2) 38. Qe7 {[#]} (38. Qc6 $1 $11 {keeps the balance.}) 38... Qh4 $2 (38... Rd5 $1 $17 {[%cal Rd5g5] And now ...Rg5 would win.} 39. Re5 Rg4 40. Qf8+ {[#]} Kh7 $1 {[%mdl 512]} 41. Qf5+ Rg6 42. Qxg6+ Qxg6 43. Rxd5 Qc6) 39. Qxh4 $14 Rxh4 {KRR-KRR} 40. Re7 c5 41. Re4 Rh5 42. Kf2 Rhd5 43. Ke3 R5d6 44. d4 Kg8 {Accuracy: White = 52%, Black = 55%.} 1/2-1/2

[Event "EYTCC U18 Open 2019"]
[Site "Pardubice"]
[Date "2019.07.17"]
[Round "7.34"]
[White "Horvath, Dominik"]
[Black "Derakhshani, Borna"]
[Result "1/2-1/2"]
[WhiteElo "2424"]
[BlackElo "2300"]
[Annotator "TA"]
[PlyCount "78"]
[EventDate "2019.07.11"]
[EventType "swiss"]
[EventCountry "CZE"]
[SourceTitle "playchess.com"]
[Source "ChessBase"]
[SourceQuality "1"]
[WhiteTeam "Austria"]
[BlackTeam "England"]
[WhiteTeamCountry "AUT"]
[BlackTeamCountry "ENG"]

{[%evp 15,78,21,35,22,31,10,33,0,93,61,74,66,72,56,88,-6,-6,-41,-44,-33,0,0,0,0,0,0,0,0,54,0,0,0,0,0,0,-17,0,-25,14,13,22,24,23,21,18,20,8,0,0,0,0,0,0,0,0,0,0,0,0,0,0,0,8,8,8]} 1. Nf3 Nf6 2. c4 c6 3. Nc3 d5 4. e3 g6 5. d4 Bg7 6. Be2 O-O 7. O-O dxc4 8. Bxc4 b5 9. Be2 {D94: Grünfeld: 4 Nf3 Bg7 5 e3} (9. Bd3 Bb7 10. a4 b4 11. Ne4 Nxe4 12. Bxe4 a5 13. b3 Nd7 14. Bb2 Rc8 15. Qe2 Qb6 16. Nd2 Ba6 {0-1 (35) Arun Prasad,S (2521)-Barbosa,O (2566) Manila 2013}) 9... Nbd7 10. a3 Bb7 11. e4 $146 {White is slightly better.} ({Predecessor:} 11. b4 Re8 12. Bb2 Qb8 13. Qc2 a5 14. Rac1 e6 15. Na2 axb4 16. Nxb4 Rc8 17. Nd3 Nd5 18. Qb3 Qd6 19. Nd2 Qe7 {½-½ (19) Graef,H (2185)-Zach,A (2303) Germany 2010}) 11... Nb6 (11... c5 $11 {keeps the balance.}) 12. Be3 a5 {[%cal Ba7a5,Ba5a4][%mdl 32]} 13. Qb3 a4 14. Qc2 Rc8 15. b3 (15. Rad1 $16) 15... Ng4 $11 16. Rad1 Nxe3 17. fxe3 {[%cal Rb3a4]} Bh6 (17... axb3 {feels hotter.} 18. Qxb3 Ra8 19. Ne1 Qc7 20. Nc2 e5) 18. bxa4 Bxe3+ 19. Kh1 bxa4 20. Nxa4 Nxa4 21. Qxa4 Qc7 (21... Bf4 $11) 22. Ne5 (22. Qb3 $14 Bf4 23. g3) 22... c5 23. Qb3 cxd4 24. Rxf7 Rxf7 25. Qxf7+ Kh8 26. Qe6 {Hoping for Rf1.} (26. Bg4 $5 {[%cal Rg4c8]} Ra8 27. Nd7 $11) 26... Rf8 27. Rf1 Bf4 {White must now prevent ...Rf6.} 28. Nd7 Re8 {[#]} 29. Qf7 $1 {[%mdl 512]} Qxd7 {The position is equal.} 30. Rxf4 {White wants to mate with Rh4!} g5 $132 {[%mdl 2048] Black is fighting back} 31. Rf5 Bxe4 {[#]} 32. Bb5 $1 {[%mdl 512]} Qxf5 33. Qxe8+ Kg7 {aiming for ...Qc5.} 34. Qxe7+ Kg6 $1 35. Qd6+ Qf6 36. Qxf6+ Kxf6 37. Kg1 Ke5 {And now ...d3 would win.} 38. Kf2 d3 {Threatens to win with ...Kd4.} 39. Ke3 Bxg2 {Accuracy: White = 52%, Black = 59%.} 1/2-1/2

[Event "EYTCC U18 Open 2019"]
[Site "Pardubice"]
[Date "2019.07.17"]
[Round "7.35"]
[White "Grieve, Harry"]
[Black "Leisch, Lukas"]
[Result "1/2-1/2"]
[WhiteElo "2235"]
[BlackElo "2327"]
[Annotator "TA"]
[PlyCount "108"]
[EventDate "2019.07.11"]
[EventType "swiss"]
[EventCountry "CZE"]
[SourceTitle "playchess.com"]
[Source "ChessBase"]
[SourceQuality "1"]
[WhiteTeam "England"]
[BlackTeam "Austria"]
[WhiteTeamCountry "ENG"]
[BlackTeamCountry "AUT"]

{[%evp 9,108,9,12,12,40,16,16,-27,0,0,0,0,0,-21,-23,-29,-15,-25,-11,-84,-100,-99,-89,-134,-143,-127,-83,-142,-119,-131,-130,-124,-119,-127,-122,-137,-136,-159,-146,-143,-63,-63,-63,-73,-63,-72,0,0,0,0,0,0,20,33,25,17,15,-50,-43,-70,-64,-68,-81,-67,-72,-70,-70,-70,-70,-133,-61,-66,-66,-196,-83,-91,-91,-91,-63,-58,-56,-59,-52,-71,-29,-27,-8,-8,-10,-17,-8,-8,0,-14,0,0,0,0,0,0,0]} 1. e4 e6 2. d4 d5 3. exd5 exd5 4. Nf3 Bd6 5. h3 Nc6 (5... Ne7 6. c4 c6 7. c5 Bc7 8. Bd3 Bf5 9. O-O O-O 10. Re1 Bxd3 11. Qxd3 Nd7 12. Nc3 Ng6 13. Bg5 {½-½ (78) Rapport,R (2721)-Tregubov,P (2582) Caleta 2016}) 6. c4 {C01: French: Exchange Variation} Nf6 7. Nc3 (7. c5 $5 {[%cal Rc5d6]} Be7 8. Bb5 $11) 7... O-O 8. c5 Re8+ (8... Bxc5 $5 9. dxc5 Re8+ 10. Ne2 d4 $11) 9. Be2 {[#]} Bxc5 $1 {[%mdl 512]} 10. dxc5 d4 11. Nb5 $146 (11. Nxd4 $5 Qxd4 12. Be3 $11) ({Predecessor:} 11. Nxd4 Qxd4 12. Be3 Qh4 13. O-O Bxh3 14. gxh3 Rxe3 15. fxe3 {½-½ (15) Jabot,D (1877)-Friend,R (1914) FICGS email 2011}) 11... d3 $1 {[%mdl 64] Pin} 12. Be3 Nb4 $36 {[%mdl 2048] Hoping for ...Nc2+. Black has some pressure.} ({But not} 12... dxe2 13. Qxd8 Rxd8 14. Nxc7 $14) 13. O-O Bf5 14. Ne1 (14. Re1 $1 $11) 14... dxe2 $17 15. Qxe2 Nbd5 16. Qf3 Nxe3 17. fxe3 Be4 18. Qf2 (18. Qg3 $142 Nd5 19. Rd1) 18... Qe7 19. Rc1 Bg6 20. c6 b6 21. Nc3 Qc5 22. Nf3 Qxc6 23. Nd4 Qd7 24. Rfd1 Qe7 (24... a6 $17 25. Nde2 Qe7) 25. Nc6 $1 $15 {[%cal Rc6e7]} Qxe3 26. Nb5 Qxf2+ 27. Kxf2 Ne4+ (27... Be4 $17) 28. Kf1 Ng3+ 29. Kf2 Ne4+ 30. Kf1 Re6 31. Nxc7 Rf6+ 32. Kg1 Rf8 33. Nxa7 ({White should play} 33. Nd5 $11 Re6 34. Nxa7) 33... Rf2 34. a4 Rxb2 35. Nd5 h5 36. Rc8 {Black must now prevent Ne7+.} Rxc8 37. Nxc8 Ng3 {Strongly threatening ...Be4.} 38. Nde7+ Kh7 {( -> ...Be4)} 39. Kh2 (39. Nxg6 $15 fxg6 40. Nd6) 39... Ne2 (39... h4 $17 40. Nxg6 Kxg6) 40. Nxg6 fxg6 {[%mdl 4096] Endgame KRN-KRN} 41. h4 {[#]} (41. Rd5 $15) 41... Rb4 $1 42. g3 Rxa4 43. Rd2 Re4 {And now ...Re3 would win.} 44. Nxb6 Nd4 {aiming for ...Nf3+.} 45. Rf2 $1 Nf5 46. Nd5 Rg4 47. Rf3 Rd4 48. Nf4 {The position is equal.} Rd2+ 49. Kg1 Rd1+ 50. Kg2 Rd2+ 51. Rf2 Rxf2+ 52. Kxf2 Nd6 53. Kf3 Nf7 54. Ne6 Kg8 {Accuracy: White = 58%, Black = 52%.} 1/2-1/2

[Event "EYTCC U18 Open 2019"]
[Site "Pardubice"]
[Date "2019.07.17"]
[Round "7.36"]
[White "Morgunov, Marc"]
[Black "Stoyanov, Viktor"]
[Result "1/2-1/2"]
[WhiteElo "2314"]
[BlackElo "2198"]
[Annotator "TA"]
[PlyCount "92"]
[EventDate "2019.07.11"]
[EventType "swiss"]
[EventCountry "CZE"]
[SourceTitle "playchess.com"]
[Source "ChessBase"]
[SourceQuality "1"]
[WhiteTeam "Austria"]
[BlackTeam "England"]
[WhiteTeamCountry "AUT"]
[BlackTeamCountry "ENG"]

{[%evp 19,92,16,16,16,18,16,16,7,19,10,10,11,10,12,10,20,23,26,33,32,33,32,32,31,31,28,36,28,31,27,39,10,41,38,42,42,38,28,33,37,33,30,44,28,45,40,56,6,8,-22,-22,-16,0,4,2,0,0,0,4,0,35,0,8,8,8,15,14,0,1,0,0,0,0,0,0]} 1. e4 c6 2. Nc3 (2. d4 d5 {½-½ (11) Pap,M (2513)-Markovic,M (2483) Palic 2014}) 2... d5 3. d4 dxe4 4. Nxe4 Nf6 5. Nxf6+ exf6 6. Bc4 Bd6 7. Qe2+ Qe7 8. Qxe7+ Kxe7 9. Ne2 Be6 10. Bxe6 fxe6 11. Bf4 {B15: Caro-Kann: 3 Nc3: 3...g6 and 3...dxe4 4 Nxe4 Nf6 5 Nxf6+ exf6} Nd7 12. Bxd6+ Kxd6 13. O-O-O Kc7 $146 ({Predecessor:} 13... Rhe8 14. Rhe1 b5 {½-½ (14) Shamkovich,L-Simagin,V Salgotarjan 1967}) 14. Nf4 Rae8 15. Rhe1 e5 16. dxe5 fxe5 17. Nh5 g6 18. Ng3 Nf6 19. f3 Rhf8 20. Rd2 Rf7 21. Rde2 Nd5 22. Ne4 Rfe7 23. Rd2 Rf8 24. c3 Nf6 25. Nc5 Rd8 26. Rde2 Rde8 27. Kc2 b6 28. Ne4 Nxe4 29. Rxe4 $11 {[%mdl 4096] Endgame KRR-KRR} Kd6 30. b4 a6 31. c4 Ra8 32. Rd1+ Kc7 33. c5 a5 34. a3 axb4 35. cxb6+ Kxb6 36. Rxb4+ Kc7 $1 37. Kb3 h5 38. a4 Ra5 39. Rc4 Rf7 40. Rdc1 (40. Kb4 {looks sharper.} Ra8 41. Rd5 Re7 42. Rdc5 Ra6 43. a5) 40... Rf6 {The position is equal.} 41. Rc5 Rxc5 $1 42. Rxc5 Re6 43. Rc2 Rd6 44. a5 Rd3+ 45. Kb4 Rd4+ 46. Kb3 Rd3+ {Accuracy: White = 55%, Black = 64%.} 1/2-1/2